| 000 | 01368nam a2200349 c 4500 | ||
|---|---|---|---|
| 003 | BLK | ||
| 005 | 20180420214959.0 | ||
| 008 | 180412b bul|||||r ||||||| ||bul|| | ||
| 010 | _aKNG00016419000 | ||
| 020 |
_a954-03-0580-2 _bиздат.: Техника |
||
| 040 | _aBLK | ||
| 041 |
_aBUL _cBUL |
||
| 080 |
_aЛеки автомобили _b629.114.6 _x.004.5(035) _z629.114.6.004.5(035) |
||
| 100 | 1 |
_aКосев, Константин Петков _eпърви автор _9259515 |
|
| 139 |
_aКосев, Константин Петков _bК 86 |
||
| 245 | 1 | 0 |
_aАз ремонтирам Лада Самара ВАЗ-2108, -2109, -21083i-20, -21093i-20 и Лада ВАЗ-2110, -2111, -2112 _cКонстантин Петков Косев. |
| 250 | _a2. доп. изд. | ||
| 257 | _aBGR | ||
| 260 |
_аСофия _bТехника _c2002 _fВ. Търново : Абагар |
||
| 300 |
_a324 с. _bс табл., ил., сх. _c23 см |
||
| 380 | _a62 | ||
| 500 | _aПрил. 1. - 1 л. сх. ; 80Х30 сгънат до 19Х15. | ||
| 650 | 4 |
_aАвтомобили, леки - поддържане и ремонт _9257502 |
|
| 653 | _aлеки коли | ||
| 653 | _aавтомобили | ||
| 653 | _aЛада | ||
| 852 | _aЦб 213794 | ||
| 856 | 4 |
_qpdf _u |
|
| 856 | 4 |
_qpdf _u |
|
| 942 |
_cKNG _n0 |
||
| 944 |
_aCR _c11.06.2003 _kКети_Илиева |
||
| 944 |
_aED _c22.02.2013 _k |
||
| 999 |
_c14699 _d14699 |
||